Petite metaphysique de la parole

Salvato in:
Dettagli Bibliografici
Autore principale: Parain, Brice (auteur)
Natura: Libro
Lingua:francese
Pubblicazione: París Gallimard 1969
Soggetti:
Tags: Aggiungi Tag
Nessun Tag, puoi essere il primo ad aggiungerne!!

MARC

LEADER 00000cam a2200000 a 4500
001 UCO5438
003 CL-VaPUC
008 000901e19690000FR |||||||||||||||||fre|d
082 0 4 |a 844  |b PAR  |2 21 
100 |a Parain, Brice  |e auteur  |9 450176 
245 1 0 |a Petite metaphysique de la parole 
300 |a 172 p 
942 |c BK 
945 |d 20000901 00:00:00  |a crobeson 
260 |a París  |b Gallimard  |c 1969 
650 0 |a Ensayos franceses  |9 265511 
650 0 |a Literatura francesa  |9 266330 
583 |a last modification  |c 20151117 18:49:40  |k Rodrigo Vera 
999 |c 291297  |d 291295 
952 |0 0  |1 0  |4 0  |6 844_000000000000000_PAR_1969  |7 0  |8 A  |9 341108  |a BIBART  |b BIBART  |d 2019-11-20  |i 498482K  |o 844 PAR 1969  |p 498482K  |r 2025-03-13  |w 2019-11-20  |y BK  |k ART